Normal view MARC view
  • Doneiger, Jorge,

Entry Nombre Personal

Number of records used in: 1

001 - NUMERO DE CONTROL

  • campo de control: 39822

003 - IDENTIFICADOR DE NUMERO DE CONTROL

  • campo de control: UPN

005 - FECHA Y HORA DE LA ÜLTIMA TRANSACCIÓN

  • campo de control: 20210219194550.0

008 - DATOS DE LONGITUD FIJA

  • campo de control de longitud fija: nabaccnnaabn|||||||||| b |nc|||||d

035 ## - NUMERO DE CONTROL

  • Número de control: UPN11000011929

040 ## - FUENTE DE CATALOGACIÓN

  • Lenguaje de catalogación: SPA
  • Agencia de transcripción: UPN

100 1# - ENCABEZAMIENTO - NOMBRE PERSONAL

  • Nombre personal: Doneiger, Jorge,
  • Fechas asociadas con el nombre: 1965-

670 ## - FUENTE EN LA QUE SE LOCALIZARON DATOS

  • Cita de la fuente: T
  • Información localizada: http://pequenoeditor.com/nosotros/autores-libros-infantiles-juveniles/201-jorge-doneiger.html

680 ## - NOTA PUBLICA DE ACCESO PÚBLICO

  • Frase explicativa de la referencia: Argentina. Estudió Diseño gráfico en la Universidad de Buenos Aires. Trabaja en el mundo editorial desde 1990. Director de arte de la Revista Viva, dominical del diario Clarín. Con una larga trayectoria en el medio editoríal, obtuvo gran cantidad de premios y reconocimientos internacionales tanto en infografía como en el diseño de publicaciones.

902 ## - CATALOGADOR

  • Catalogador: EMR/200217